Estimación de la forma y textura celular para microscopía in-situ
Tallennettuna:
| Päätekijä: | |
|---|---|
| Muut tekijät: | |
| Aineistotyyppi: | Kirja |
| Julkaistu: |
[San José, Costa Rica]
2004
|
| Aiheet: | |
| Tagit: |
Lisää tagi
Ei tageja, Lisää ensimmäinen tagi!
|
MARC
| LEADER | 00000nam a2200000Ia 4500 | ||
|---|---|---|---|
| 003 | 009326 | ||
| 005 | 20240125110324.0 | ||
| 008 | 140114s2004 cr a m 000 ||s d | ||
| 040 | |c cru CEDI | ||
| 090 | |a TFG 4865 | ||
| 100 | |a Siles Canales, Francisco 1980- |9 2217 | ||
| 245 | |a Estimación de la forma y textura celular para microscopía in-situ | ||
| 260 | |a [San José, Costa Rica] |c 2004 | ||
| 300 | |a xiv, 138 hojas : ilustraciones a color | ||
| 500 | |a Tesis (licenciatura en ingeniería eléctrica)--Universidad de Costa Rica, Facultad de Ingeniería, Escuela de Ingeniería Eléctrica | ||
| 501 | |a Director de Trabajo de Graduación: Dr.-Ing. Geovanni Martínez Castillo | ||
| 650 | |x CELULAS |x PESO ESPECIFICO - MEDICIONES |x MICROSCOPIA ELECTRONICA |x CITOLOGIA |x PROCESAMIENTO DE IMAGENES |9 7120 | ||
| 700 | |a Martínez Castillo, Geovanni, 1965- |d Director del TFG |9 2218 | ||
| 942 | |c TFG |h TFG 4865 |i 009326 |6 TFG_4865_009326000000000 | ||
| 999 | |c 17827 |d 17827 | ||
